O morro dos ventos uivantes / (Record no. 285)
[ view plain ]
| 000 -LÍDER | |
|---|---|
| campo de controle de tamanho fixo | 01057nam a22002777a 4500 |
| 001 - NÚMERO DE CONTROLE | |
| campo de controle | 285 |
| 003 - IDENTIFICADOR DO NÚMERO DE CONTROLE | |
| campo de controle | OSt |
| 005 - DATA E HORÁRIO DA ÚLTIMA TRANSAÇÃO | |
| campo de controle | 20250327100614.0 |
| 008 - CAMPO DE DADOS FIXOS--INFORMAÇÃO GERAL | |
| campo de controle de tamanho fixo | 250317b |||||||| |||| 00| 0 eng d |
| 040 ## - FONTE DA CATALOGAÇÃO | |
| Idioma da catalogação | por |
| 041 ## - CÓDIGO DE IDIOMA | |
| Código do idioma do original e/ou traduções intermediárias do texto | eng |
| Código do idioma do texto/trilha sonora ou título diferente | por |
| 082 ## - CDD - CLASSIFICAÇÃO DECIMAL DE DEWEY | |
| Número de Classificação | 823 |
| Número do exemplar | B869m |
| 100 1# - ENTRADA PRINCIPAL--NOME PESSOAL | |
| Nome pessoal | Brontë, Emily, |
| Datas associadas ao nome | 1818-1848 |
| 9 (RLIN) | 177 |
| 240 ## - TÍTULO UNIFORME | |
| Título uniforme | Wuthering Heights |
| 245 ## - TÍTULO | |
| Título | O morro dos ventos uivantes / |
| Indicação de responsabilidade, etc. | Brontë, Emily, ; Tradução de Oscar Mendes |
| 250 ## - EDIÇÃO | |
| Declaração de edição | 2 ed. |
| 260 ## - PUBLICAÇÃO, DISTRIBUIÇÃO, ETC. | |
| Local de publicação, distribuição, etc. | Pôrto Alegre |
| Nome do editor, distribuidor, etc. | Abril |
| Data da publicação, distribuição, etc. | 1971 |
| 300 ## - DESCRIÇÃO FÍSICA | |
| Extensão | 313 p. |
| 490 1# - TÍTULO DA SÉRIE | |
| Título da série | Os Imortais da Literatura Universal |
| 520 ## - NOTA DE RESUMO, ETC. | |
| Resumo, etc. | A obra conta a história da paixão entre Heathcliff e Catherine na fazenda chamada Morro dos Ventos Uivantes. Amigos de infância, eles são separados pelo destino, mas a união do casal é mais forte do que qualquer tormenta - um amor proibido que deixará rastros de ira e vingança.<br/> |
| 650 #0 - ASSUNTO--TERMO TÓPICO | |
| Cabeçalho tópico ou nome geográfico | Literatura Inglesa |
| 9 (RLIN) | 89 |
| 655 #0 - TERMO DE ÍNDICE--GÊNERO E FORMA | |
| Gênero/forma/ou termo foco | Romance |
| 700 ## - ENTRADA ADICIONADA - NOME PESSOAL | |
| Função do autor por extenso | Tradutor |
| Nome pessoal | Oscar Mendes |
| 830 ## - ENTRADA SECUNDÁRIA DE SÉRIE--TÍTULO UNIFORME | |
| Título uniforme | Os Imortais da Literatura Universal |
| 9 (RLIN) | 461 |
| Número do volume ou designação sequencial da série | vol. 10 |
| 942 ## - ELEMENTOS DE ENTRADA ADICIONADOS (KOHA) | |
| Fonte de classificação ou esquema de arquivamento | Classificação decimal de Dewey |
| Ocultar no OPAC | Não |
| Tipo de material Koha | Livros |
| Situação do descarte | Situação das perdas | Fonte de classificação ou esquema de arquivamento | Status danificado | Não pode ser emprestado | Coleção | Biblioteca de origem | Biblioteca atual | Localização na estante | Data de aquisição | Fonte de aquisição | Total de empréstimos | Número de chamada completo | Código de barras | Data de último acesso | Data do preço efetivo | Tipo de material Koha |
|---|---|---|---|---|---|---|---|---|---|---|---|---|---|---|---|---|
| Classificação decimal de Dewey | Ficção | Biblioteca Professor Eduardo Afonso de Castro | Biblioteca Professor Eduardo Afonso de Castro | Literatura Estrangeira | 17.03.2025 | doação | 823 / B869m | 2025-17240 | 17.03.2025 | 17.03.2025 | Livros |